<?xml version="1.0" encoding="UTF-8"?>
<record
    xmlns:xsi="http://www.w3.org/2001/XMLSchema-instance"
    xsi:schemaLocation="http://www.loc.gov/MARC21/slim http://www.loc.gov/standards/marcxml/schema/MARC21slim.xsd"
    xmlns="http://www.loc.gov/MARC21/slim">

  <leader>00464nam a2200181Ia 4500</leader>
  <controlfield tag="008">230125s9999    xx            000 0 und d</controlfield>
  <datafield tag="020" ind1=" " ind2=" ">
    <subfield code="a">9788178847948</subfield>
  </datafield>
  <datafield tag="041" ind1=" " ind2=" ">
    <subfield code="a">eng</subfield>
  </datafield>
  <datafield tag="082" ind1=" " ind2=" ">
    <subfield code="a">006.3</subfield>
    <subfield code="b">TUL</subfield>
  </datafield>
  <datafield tag="100" ind1=" " ind2=" ">
    <subfield code="a">Tuli K L</subfield>
    <subfield code="9">118262</subfield>
  </datafield>
  <datafield tag="245" ind1=" " ind2=" ">
    <subfield code="a">Issues In Artificial Intelligence And Cognitive Science</subfield>
  </datafield>
  <datafield tag="250" ind1=" " ind2=" ">
    <subfield code="a">1st Ed.</subfield>
  </datafield>
  <datafield tag="260" ind1=" " ind2=" ">
    <subfield code="c">2011</subfield>
    <subfield code="b">Cyber tech publisher</subfield>
    <subfield code="a">New Delhi</subfield>
  </datafield>
  <datafield tag="300" ind1=" " ind2=" ">
    <subfield code="a">272p</subfield>
  </datafield>
  <datafield tag="700" ind1=" " ind2=" ">
    <subfield code="a">Tuli K L</subfield>
    <subfield code="9">118262</subfield>
  </datafield>
  <datafield tag="906" ind1=" " ind2=" ">
    <subfield code="b">238</subfield>
  </datafield>
  <datafield tag="999" ind1=" " ind2=" ">
    <subfield code="c">96270</subfield>
    <subfield code="d">96270</subfield>
  </datafield>
  <datafield tag="952" ind1=" " ind2=" ">
    <subfield code="0">0</subfield>
    <subfield code="1">0</subfield>
    <subfield code="4">0</subfield>
    <subfield code="7">0</subfield>
    <subfield code="a">HIMR</subfield>
    <subfield code="b">HIMR</subfield>
    <subfield code="d">2020-02-06</subfield>
    <subfield code="e">Forward Books</subfield>
    <subfield code="g">850.00</subfield>
    <subfield code="i">11188</subfield>
    <subfield code="l">0</subfield>
    <subfield code="o">006.3 TUL B19607</subfield>
    <subfield code="p">HIMR-BK-19607</subfield>
    <subfield code="r">2023-01-25 00:00:00</subfield>
    <subfield code="v">612.00</subfield>
    <subfield code="w">2023-01-25</subfield>
    <subfield code="y">BK</subfield>
    <subfield code="z">B19607</subfield>
  </datafield>
  <datafield tag="952" ind1=" " ind2=" ">
    <subfield code="0">0</subfield>
    <subfield code="1">0</subfield>
    <subfield code="4">0</subfield>
    <subfield code="7">0</subfield>
    <subfield code="a">HIMR</subfield>
    <subfield code="b">HIMR</subfield>
    <subfield code="d">2020-02-06</subfield>
    <subfield code="e">Forward Books</subfield>
    <subfield code="g">850.00</subfield>
    <subfield code="i">11188</subfield>
    <subfield code="l">0</subfield>
    <subfield code="o">006.3 TUL B19608</subfield>
    <subfield code="p">HIMR-BK-19608</subfield>
    <subfield code="r">2023-01-25 00:00:00</subfield>
    <subfield code="v">612.00</subfield>
    <subfield code="w">2023-01-25</subfield>
    <subfield code="y">BK</subfield>
    <subfield code="z">B19608</subfield>
  </datafield>
  <datafield tag="952" ind1=" " ind2=" ">
    <subfield code="0">0</subfield>
    <subfield code="1">0</subfield>
    <subfield code="4">0</subfield>
    <subfield code="7">0</subfield>
    <subfield code="a">HIMR</subfield>
    <subfield code="b">HIMR</subfield>
    <subfield code="d">2020-02-06</subfield>
    <subfield code="e">Forward Books</subfield>
    <subfield code="g">850.00</subfield>
    <subfield code="i">11188</subfield>
    <subfield code="l">0</subfield>
    <subfield code="o">006.3 TUL B19609</subfield>
    <subfield code="p">HIMR-BK-19609</subfield>
    <subfield code="r">2023-01-25 00:00:00</subfield>
    <subfield code="v">612.00</subfield>
    <subfield code="w">2023-01-25</subfield>
    <subfield code="y">BK</subfield>
    <subfield code="z">B19609</subfield>
  </datafield>
  <datafield tag="952" ind1=" " ind2=" ">
    <subfield code="0">0</subfield>
    <subfield code="1">0</subfield>
    <subfield code="4">0</subfield>
    <subfield code="7">0</subfield>
    <subfield code="a">HIMR</subfield>
    <subfield code="b">HIMR</subfield>
    <subfield code="d">2020-02-06</subfield>
    <subfield code="e">Forward Books</subfield>
    <subfield code="g">850.00</subfield>
    <subfield code="i">11188</subfield>
    <subfield code="l">0</subfield>
    <subfield code="o">006.3 TUL B19606</subfield>
    <subfield code="p">HIMR-BK-19606</subfield>
    <subfield code="r">2023-01-25 00:00:00</subfield>
    <subfield code="v">612.00</subfield>
    <subfield code="w">2023-01-25</subfield>
    <subfield code="y">BK</subfield>
    <subfield code="z">B19606</subfield>
  </datafield>
</record>
